Library Banner

Understanding balance sheets (Record no. 20990)

MARC details
000 -LEADER
fixed length control field 00490nam a2200181Ia 4500
001 - CONTROL NUMBER
control field 20652
008 - FIXED-LENGTH DATA ELEMENTS--GENERAL INFORMATION
fixed length control field 140408s9999 xx 000 0 und d
040 ## - CATALOGING SOURCE
Transcribing agency PK-LaUMT
082 ## - DEWEY DECIMAL CLASSIFICATION NUMBER
Classification number 657.2
Item number FRI-U
100 ## - MAIN ENTRY--PERSONAL NAME
Personal name Franklin J. Plewa
245 ## - TITLE STATEMENT
Title Understanding balance sheets
Statement of responsibility, etc Franklin J. Plewa<>George T. Friedlob
260 ## - PUBLICATION, DISTRIBUTION, ETC. (IMPRINT)
Place of publication, distribution, etc New York,USA:
Name of publisher, distributor, etc John Wiley & Sons,
Date of publication, distribution, etc 1996
300 ## - PHYSICAL DESCRIPTION
Extent 278 p.
546 ## - LANGUAGE NOTE
Language note EN
650 ## - SUBJECT ADDED ENTRY--TOPICAL TERM
Topical term or geographic name as entry element Comparative accounting
700 ## - ADDED ENTRY--PERSONAL NAME
Personal name George T. Friedlob
942 ## - ADDED ENTRY ELEMENTS (KOHA)
Koha item type Books
Holdings
Withdrawn status Lost status Damaged status Not for loan Home library Current library Date acquired Total Checkouts Full call number Barcode Date last seen Price effective from Koha item type
        UMT Main Campus UMT Main Campus 2014-04-08   657.2 FRI-U 15268 2014-04-23 2014-04-23 Books